| 000 | 00791cam a2200301 4500 | ||
|---|---|---|---|
| 001 | ABS68311 | ||
| 008 | 041013n2004 000 0 eng u | ||
| 035 | _a(Sirsi) u127686 | ||
| 245 | _aRegional survey: Ireland supplement | ||
| 260 | _c2004 | ||
| 490 |
_aProperty Week _v September 2004 (41) (LOAN) |
||
| 590 | _aABS | ||
| 590 | _aABS | ||
| 650 | _aIRELAND | ||
| 650 | _aNORTHERN IRELAND | ||
| 650 | _aPROPERTY-COMMERCIAL PROPERTY-RETAIL PROPERTY-RETAIL PROPERTY MARKET | ||
| 650 | _aINDUSTRIAL MARKET | ||
| 650 | _aOFFICE MARKET | ||
| 650 | _aBUSINESS PARKS | ||
| 650 | _aCONFERENCE CENTRES | ||
| 650 | _aINVESTMENT | ||
| 650 | _aBELFAST | ||
| 650 | _aPLANNING | ||
| 650 | _aDEVELOPERS | ||
| 650 | _aCORK | ||
| 690 | _aCOMMERCIAL PROPERTY-MARKET | ||
| 942 | _n0 | ||
| 999 |
_c118148 _d118148 |
||